000 00891nam a22002057a 4500
010 _a1617CH-EN
020 _a9781447279808
_c299.00
035 _aB-643918-937
037 _aDPL
_bBSB/ven
082 _aS
100 _aGriffiths, Andy
245 _aThe 26-storey treehouse /
_cby Andy Griffiths; illustrated by Terry Denton
260 _aLondon
_bMacmillan Chidren's Books
_c2015
270 _a20 New Whar Road,
_bLaondon
300 _a343p.:
_bill.
_c19cm(pbk)
700 _aDenton, Terry
942 _2ddc
_cCH
_mGRI
_hS
999 _c100423
_d100423